The Gödel programming language /
Guardado en:
| Autor Principal: | |
|---|---|
| Otros Autores: | |
| Formato: | Libro |
| Idioma: | English |
| Publicado: |
Cambridge, Mass. :
MIT Press,
c1994.
|
| Series: | Logic programming
|
| Materias: | |
| Etiquetas: |
Agregar Etiqueta
Sin Etiquetas, Sea el primero en etiquetar este registro!
|
| LEADER | 00801cam a2200241 a 4500 | ||
|---|---|---|---|
| 001 | DCC.dcic000397 | ||
| 008 | 930913s1994####mau######b####001#0#eng## | ||
| 005 | 20151123151849.0 | ||
| 245 | 1 | 4 | |a The Gödel programming language / |c Patricia Hill, John Lloyd. |
| 260 | |a Cambridge, Mass. : |b MIT Press, |c c1994. | ||
| 300 | |a xx, 348 p. ; |c 24 cm. | ||
| 440 | 0 | |a Logic programming | |
| 504 | |a Incluye referencias bibliográficas (p. [339]-340) e índice. | ||
| 020 | |a 0262082292 | ||
| 100 | 1 | |a Hill, Patricia, |d 1942- | |
| 700 | 1 | |a Lloyd, J. W. |q (John Wylie), |d 1947- | |
| 082 | 0 | 0 | |a 005.13/3 |2 20 |
| 650 | 0 | |a Gödel (Computer program language) | |
| 650 | 0 | |a Logic programming languages. | |
| 010 | |a 93037158 | ||
| 040 | |a DLC |c DLC |d DLC | ||
| 050 | 0 | 0 | |a QA76.73.G17 |b H55 1994 |
| 859 | |a DCIC |b BIB. COMPUTACION |p 0496 | ||
